Giáo trình tư pháp quốc tế
v.v...
Đã lưu trong:
| Tác giả chính: | |
|---|---|
| Định dạng: | Sách |
| Năm xuất bản: |
H.
Tư pháp
2004
|
| Chủ đề: | |
| Tags: |
Thêm thẻ
Không có thẻ, Hãy là người đầu tiên gắn thẻ bản ghi này!
|
| LEADER | 00914nam a2200193 4500 | ||
|---|---|---|---|
| 082 | |a 341 |b H450PH | ||
| 100 | |a Hồ Phong Tư | ||
| 245 | |a Giáo trình tư pháp quốc tế |c Hồ Phong Tư | ||
| 260 | |a H. |b Tư pháp |c 2004 | ||
| 300 | |a 549 tr. |c 23 cm | ||
| 520 | |a v.v... | ||
| 653 | |a Pháp luật | ||
| 653 | |a tư pháp quốc tế | ||
| 653 | |a giáo trình | ||
| 942 | |2 ddc |c STK0 | ||
| 999 | |c 9587 |d 9587 | ||
| 952 | |0 0 |1 0 |2 ddc |4 0 |6 341_000000000000000_H450PH |7 0 |8 300 |9 76261 |a qbu |b qbu |c D2 |d 2015-05-25 |g 42000 |l 1 |o 341 H450PH |p 9615.c1 |r 2019-08-26 |s 2019-08-26 |w 2015-05-25 |y STK0 | ||
| 952 | |0 0 |1 0 |2 ddc |4 0 |6 341_000000000000000_H450PH |7 0 |8 300 |9 76262 |a qbu |b qbu |c D2 |d 2015-05-25 |g 42000 |l 18 |m 11 |o 341 H450PH |p 9615.c2 |r 2021-11-05 |s 2021-10-28 |w 2015-05-25 |y STK0 | ||
| 952 | |0 0 |1 0 |2 ddc |4 0 |6 341_000000000000000_H450PH |7 0 |8 300 |9 107703 |a qbu |b qbu |c D2 |d 2016-09-09 |g 42000 |l 12 |m 9 |o 341 H450PH |p 9615.c3 |r 2021-11-05 |s 2021-10-28 |w 2016-09-09 |y STK0 | ||